000 00803nam a2200349Ia 4500
008 210210b2013 xxu||||| |||| 00| 0 eng d
020 _a9781937856151
041 _aeng
082 _a658.872 KABZ
100 _aKABANI ( Shama)
245 _aZen of social media marketing
_bAn easier way to build credibility generate buzz and increase revenue
260 _a
_b-
_c2013
300 _axvi,256
650 _aZen
650 _away
650 _ato
650 _asocial
650 _arevenue
650 _aof
650 _amedia
650 _amarketing
650 _aincrease
650 _agenerate
650 _aeasier
650 _acredibility
650 _abuzz
650 _abuild
650 _aand
650 _aAn
690 _aMarketing Management
906 _a069060
999 _c153172
_d153172